| 000 | 00940 a2200217 4500 | ||
|---|---|---|---|
| 999 |
_c7648 _d7648 |
||
| 020 | _a061833338X | ||
| 050 | 0 | 0 | _aHQ767.9BUK 2004 |
| 100 | 1 |
_aBukatko, Danuta, _d1949- |
|
| 245 | 1 | 0 |
_aChild development : _ba thematic approach / _cDanuta Bukatko, Marvin W. Daehler. |
| 250 | _a5th ed. | ||
| 264 |
_aBoston: _bHoughton mufflin., _c2004 |
||
| 300 |
_axx, 605, G1-8, R1-60, C1-4, NI1-16, SI1-16 p. : _bill. (some col.) ; |
||
| 500 | _aIncludes bibliographical references (p. R1-60) and indexes. | ||
| 504 | _aIncludes bibliographical references (p. R1-60) and indexes. | ||
| 650 | 0 | _aChild development. | |
| 700 | 1 |
_aDaehler, Marvin W., _d1942- |
|
| 856 | 4 | 2 |
_3Contributor biographical information _uhttp://www.loc.gov/catdir/enhancements/fy1513/2002116641-b.html |
| 942 |
_2lcc _cBK _h767.9 _iBUK _kHQ |
||